The Victorian Art and Literature diplomová práca

Saved in:
Bibliographic Details
Main Author: Valachová, Jana
Corporate Author: Fakulta aplikovaných jazykov EU v Bratislave. Katedra jazykovedy a translatológie
Other Authors: Adamcová, Silvia, 1984-
Format: Book
Language:English
Published: Bratislava 2018
Tags: Add Tag
No Tags, Be the first to tag this record!

MARC

LEADER 00000nbm a2200000 4500
001 0244002
005 20181011145516.8
041 0 |a eng 
044 |a SK 
245 1 0 |a The Victorian Art and Literature  |b diplomová práca  |c Jana Valachová ; školiteľ: Silvia Adamcová 
264 1 |a Bratislava  |c 2018 
300 |a 75 s. 
100 1 |a Valachová, Jana 
700 1 |a Adamcová, Silvia, 1984- 
710 2 |a Fakulta aplikovaných jazykov EU v Bratislave. Katedra jazykovedy a translatológie